Návrh informačného systému pre úsek zásobovania = An information system design for purchasing department : Bakalárska práca

Gespeichert in:
Bibliographische Detailangaben
1. Verfasser: Procháska, Daniel (Verfasst von)
Weitere Verfasser: Pavlinova, Jevgenija (xxx)
Format: Manuskript Buch
Sprache:Slowakisch
Veröffentlicht: Trnava : STU v Bratislave MtF KAIA, 2006
Schlagworte:
Tags: Tag hinzufügen
Keine Tags, Fügen Sie das erste Tag hinzu!

MARC

LEADER 00000ntm a22000003a 4500
001 stu132607
005 20160719155547.4
008 061218s2006----xo------------------slo-d
040 |a STU  |b slo 
041 0 |a slo 
044 |a xo 
100 1 |a Procháska, Daniel  |4 aut 
245 1 |a Návrh informačného systému pre úsek zásobovania = An information system design for purchasing department :  |b Bakalárska práca 
260 |a Trnava :  |b STU v Bratislave MtF KAIA,  |c 2006 
300 |a 57 s  |c príl (1 CD-ROM) 
650 7 |a aplikovaná informatika a automatizácia v priemysle  |2 stusub 
700 1 |a Pavlinova, Jevgenija  |4 xxx  |u M180  |U MTF Materiálovotechnologická fakulta  |T MTF Katedra aplikovanej informatiky a automatizácie  |X 244  |U M180  |Y 166  |7 A000000244 
996 |b 284M075437  |c M*BP-2362  |l MMSKP  |s P  |a 0  |w stu132607_0001